Statistics for Quizmaster... or relessness?

Click here to take the quiz!

General Stats

  • This quiz has been taken 21 times
  • The average score is 11 of 18

Answer Stats

QuestionTileSelect% Correct
of Quizmasters' quizzesUS States With An Empty MapNo
89%
of Quizmasters' quizzesCountries Bordering FranceNo
84%
of Quizmasters' quizzesCountries of The World QuizYes
79%
of Quizmasters' quizzesCountries of the World with an Empty MapNo
79%
of Quizmasters' quizzesWorld's Busiest AirportsNo
79%
of relessness' quizzesCountries That Start With ANo
74%
of relessness' quizzesFruits by PictureNo
68%
of relessness' quizzesIsland Countries QuizNo
68%
of Quizmasters' quizzesAfrica Map QuizYes
63%
of relessness' quizzesOriginal 151 PokemonNo
63%
of Quizmasters' quizzesU.S. State Capitals QuizYes
63%
of Quizmasters' quizzesEast Asia Map QuizYes
58%
of Quizmasters' quizzesNFL Football Teams QuizYes
58%
of relessness' quizzesWikipedia LanguagesYes
53%
of relessness' quizzesBritish Groups of ThingsYes
42%
of relessness' quizzesAirline LogosYes
37%
of relessness' quizzesCities With The Most BillionairesYes
37%
of relessness' quizzesHimalayan CountriesYes
37%

Score Distribution

Percentile by Number Answered

Percent of People with Each Score

Your Score History

You have not taken this quiz